LEADER 01004nam0-22002891i-450- 001 990000074350403321 035 $a000007435 035 $aFED01000007435 035 $a(Aleph)000007435FED01 035 $a000007435 100 $a20011111d--------km-y0itay50------ba 101 0 $aita 105 $ay-------001yy 200 1 $aLegge e regolamento sugli esami di stato di abilitazione all'esercizio delle professioni$e(legge 8 dicembre 1956, n.1378. D.M. 9 settembre 1957 e D.M. 10 gennaio 1958). 210 $aRoma$cIstituto poligrafico dello stato$d1958 215 $a39 p.$d20 cm 610 0 $aEsami di stato$aLegislazione 676 $a378 710 02$aItalia.$bMinistero della pubblica istruzione$0354240 801 0$aIT$bUNINA$gRICA$2UNIMARC 901 $aBK 912 $a990000074350403321 952 $a13 K 21 07$b2036$fFINBC 959 $aFINBC 996 $aLegge e regolamento sugli esami di stato di abilitazione all'esercizio delle professioni$9110772 997 $aUNINA DB $aING01 LEADER 02171nam 2200349 n 450 001 9910476886303321 005 20230511203756.0 035 $a(CKB)5470000000567094 035 $a(NjHacI)995470000000567094 035 $a(EXLCZ)995470000000567094 100 $a20230511d2015 uu 0 101 0 $aeng 135 $aur||||||||||| 181 $ctxt$2rdacontent 182 $cc$2rdamedia 183 $acr$2rdacarrier 200 00$aManuscripts of the Latin Classics 800-1200 /$fedited by Erik Kwakkel 210 1$aLeiden [The Netherlands] :$cLeiden University Press,$d2015. 215 $a1 online resource (224 pages) 311 $a94-006-0211-1 327 $aFigures and Plates -- Preface -- Abbreviations -- Manuscripts of the Latin Classics 800-1200: An Introduction -- Carolingian Scholarship on Classical Authors: Practices of Reading and Writing -- The Transmission of Tibullus in the Tenth and Eleventh Centuries -- Diagrams of Knowledge and Rhetoric in Manuscripts of Cicero's De inventione -- Classics on Scraps: Classical Manuscripts Made from Parchment Waste -- Living with Ovid: The Founding of Arnulf of Orle?ans' Thebes -- William of Malmesbury and the Classics: New Evidence -- Notes on Contributors -- Colour Plates Index of Manuscripts -- General Index. 330 $aThis book brings together six expert contributors to examine the production and use of medieval manuscripts containing classical Latin texts. The contributors consider everything from the physical qualities of the manuscripts to what we can learn about how their readers used and interacted with them; ultimately, they also make a case for the value of studying not just specific classical manuscripts, but distinct groups of them, showing how such a collective approach can add to our understanding of how they functioned in medieval society. 606 $aCivilization$xRoman influences 615 0$aCivilization$xRoman influences. 676 $a937 702 $aKwakkel$b Erik 801 0$bNjHacI 801 1$bNjHacl 906 $aBOOK 912 $a9910476886303321 996 $aManuscripts of the Latin classics, 800-1200$91395584 997 $aUNINA